| 000 | 00656nam a2200193Ia 4500 | ||
|---|---|---|---|
| 005 | 20250508152150.0 | ||
| 008 | 008 250505s9999 xx 000 0 eng d | ||
| 037 | _aReference | ||
| 040 |
_aFEDL _beng _cFEDL |
||
| 041 |
_aeng _2eng |
||
| 084 |
_a370.1, BLO _qFEDL |
||
| 100 |
_aBloom Benjamin S...(et.al). Ed. _9760934 |
||
| 245 | 0 | _aTaxonomy of educational objectives: The classification of educational goals handbook 1 cognitive domain | |
| 245 | 2 | _cA Committee of College and University Examiners | |
| 260 |
_aNew York, USA _bLongmans, Green and Co _c1956 |
||
| 300 | _a207p | ||
| 942 |
_cREF _h370.1, BLO |
||
| 999 |
_c1334695 _d1334695 |
||